RICS Standard Form of Consultant’s Appointment explanatory notes (Record no. 122149)

MARC details
000 -LEADER
fixed length control field 01844nam a22002177a 4500
008 - FIXED-LENGTH DATA ELEMENTS--GENERAL INFORMATION
fixed length control field 250428s2025 xxk|||||o|||| 00| 0 eng d
041 ## - LANGUAGE CODE
Language code of text/sound track or separate title eng
110 ## - MAIN ENTRY--CORPORATE NAME
Corporate author Royal Institution of Chartered Surveyors
245 ## - TITLE STATEMENT
Title RICS Standard Form of Consultant’s Appointment explanatory notes
Subtitle England and Wales
Medium [Electronic resource]
260 ## - PUBLICATION INFORMATION
Place of publication London,
Publisher Royal Institution of Chartered Surveyors,
Date May 2022 (revised April 2025)
300 ## - PHYSICAL DESCRIPTION
Physical description 29p.
490 ## - SERIES TITLE
Series statement RICS Standard Form
520 ## - ABSTRACT
Abstract RICS has published a new edition of their RICS Forms of Consultant’s Appointment, which are intended to be used by clients. Members and others involved in the appointment of surveyors are encouraged to use these forms when considering surveyors for a wide variety of different disciplines within the construction process and related fields. RICS Standard Form of Consultant’s Appointment is intended to be used for the more complex, medium or large ‘normal’ type service project appointments.
520 ## - ABSTRACT
Abstract In April 2025, revised forms were published to account for the introduction of the new role of Principal Designer (Building Regulations) following the passing of the Building Safety Act 2022 and the introduction of The Building Regulations, Part 2A. A new Scope of Services has been published.<br/><br/>Revisions have been made to the existing forms to introduce and distinguish between the new role of Principal Designer (Building Regulations) from the existing role of Principal Designer (CDM 2015).
650 ## - KEYWORDS
Keywords APPOINTMENT
651 ## - SUBJECT ADDED ENTRY--GEOGRAPHIC NAME
Geographic name England
651 ## - SUBJECT ADDED ENTRY--GEOGRAPHIC NAME
Geographic name Wales
710 ## - ADDED CORPORATE NAME
Added corporate author Royal Institution of Chartered Surveyors
856 ## - ONLINE RESOURCE
Uniform Resource Identifier <a href="https://www.rics.org/content/dam/ricsglobal/documents/standards/standard-form-of-consultants-appointment/Explanatory-notes-Standard-form-E-W-April-2025.pdf">https://www.rics.org/content/dam/ricsglobal/documents/standards/standard-form-of-consultants-appointment/Explanatory-notes-Standard-form-E-W-April-2025.pdf</a>
Public note Available free on RICS.org
942 ## - ADDED ENTRY ELEMENTS (KOHA)
Suppress in OPAC Do not suppress in OPAC
Holdings
Lost status Damaged status Not for loan Current library Shelving location Date acquired Total Checkouts Date last seen Price effective from Koha item type
      Virtual Online 28/04/2025   28/04/2025 28/04/2025 Online material